La Bible de Jérusalem : (Record no. 7135)
[ view plain ]
| 000 -LEADER | |
|---|---|
| fixed length control field | 00656cam a2200193 i 4500 |
| 001 - CONTROL NUMBER | |
| control field | 387453 |
| 005 - DATE AND TIME OF LATEST TRANSACTION | |
| control field | 20250724110052.0 |
| 008 - FIXED-LENGTH DATA ELEMENTS--GENERAL INFORMATION | |
| fixed length control field | 790118s1978 fr abf 001 0 fre |
| 020 ## - INTERNATIONAL STANDARD BOOK NUMBER | |
| International Standard Book Number | 2204012289 : |
| Terms of availability | 240F |
| 020 ## - INTERNATIONAL STANDARD BOOK NUMBER | |
| International Standard Book Number | 9782204012287 |
| 050 00 - LIBRARY OF CONGRESS CALL NUMBER | |
| Classification number | BS230 |
| Item number | 1978 |
| 082 00 - DEWEY DECIMAL CLASSIFICATION NUMBER | |
| Classification number | 220.5/4/1 |
| 245 13 - TITLE STATEMENT | |
| Title | La Bible de Jérusalem : |
| Remainder of title | la sainte Bible / |
| Statement of responsibility, etc. | traduite en français sous la direction de l'École biblique de Jérusalem. |
| 250 ## - EDITION STATEMENT | |
| Edition statement | Nouv. éd. rev. et augm. |
| 260 ## - PUBLICATION, DISTRIBUTION, ETC. | |
| Place of publication, distribution, etc. | Paris : |
| Name of publisher, distributor, etc. | Éditions du Cerf, |
| Date of publication, distribution, etc. | 1978. |
| 300 ## - PHYSICAL DESCRIPTION | |
| Extent | 1855 p., [60] leaves of plates : |
| Other physical details | ill. (some col.), maps (some col.) ; |
| Dimensions | 24 cm. |
| 500 ## - GENERAL NOTE | |
| General note | Includes index. |
| 942 ## - ADDED ENTRY ELEMENTS (KOHA) | |
| Source of classification or shelving scheme | Library of Congress Classification |
| Koha item type | Books |
| Suppress in OPAC | No |
| 999 ## - | |
| -- | 7135 |
| -- | 7135 |
| Withdrawn status | Lost status | Source of classification or shelving scheme | Damaged status | Not for loan | Collection | Home library | Current library | Shelving location | Date acquired | Total checkouts | Full call number | Barcode | Date last seen | Copy number | Price effective from | Koha item type |
|---|---|---|---|---|---|---|---|---|---|---|---|---|---|---|---|---|
| Library of Congress Classification | Reference | Undergraduate Library (Christ Temple) | Undergraduate Library (Christ Temple) | General stacks | 07/24/2025 | REF BS230 BIB | ulct00004115 | 07/24/2025 | 1 | 07/24/2025 | Books |